000 00360pab a2200157 454500
008 180718b2001 xxu||||| |||| 00| 0 eng d
100 _aDas, Jayanta
245 _aBudget: manifold responsibility
260 _c2001
300 _ap.10,23
362 _aApr
650 _aBudget - India - 2001-2002
650 _aBudget
773 _aYojana
909 _a48246
999 _c48246
_d48246